Statistiques concernant Qui a créé ces personnages de littérature ? #1

Cliquez ici pour prendre le quiz!

Statistiques générales

  • Ce quiz a été pris 213 fois
  • Le résultat moyen est 13 sur 20

Statistiques - réponses

HintRéponse% Correct
Emma BovaryGustave Flaubert
91%
Sherlock HolmesArthur Conan Doyle
88%
PorthosAlexandre Dumas
86%
Frodon SacquetJ. R. R. Tolkien
85%
GargantuaFrançois Rabelais
83%
La Petite SirèneHans Christian Andersen
80%
Juliette CapuletWilliam Shakespeare
80%
Dorian GrayOscar Wilde
78%
Phileas FoggJules Verne
76%
Jay GatsbyFrancis Scott Fitzgerald
69%
Rodion RaskolnikovFiodor Dostoïevski
66%
DraculaBram Stoker
58%
PinocchioCarlo Collodi
56%
Moby-DickHerman Melville
56%
Margaret MarchLouisa May Alcott
56%
Geralt de RivAndrzej Sapokwski
45%
Monsieur DutilleulMarcel Aymé
36%
IvanhoéWalter Scott
35%
TigibusLouis Pergaud
30%
Randle McMurphyKen Kesey
24%

Distribution des résultats

Percentile par nombre de réponses

% des personnes avec chaque résultat

Votre développement - résultats

Vous n’avez pas pris ce quiz